Countries with the Greatest Proportion of Hindus - Statistics

General Stats
  • This quiz has been taken 502 times
    479 since last reset
  • The average score is 9 of 15
Answer Stats
Hint Answer % Correct
#2 India
100%
#1 Nepal
95%
#15 Pakistan
88%
#10 Sri Lanka
88%
#12 Bangladesh
86%
#6 Bhutan
80%
#13 Malaysia
61%
#14 Singapore
55%
#8 United Arab Emirates
49%
#3 Mauritius
48%
#5 Fiji
41%
#4 Guyana
39%
#11 Kuwait
39%
#9 Suriname
38%
#7 Trinidad and Tobago
33%
No matching quizzes found
Score Distribution
Percent of People with Each Score
Percentile by Number Answered
Your Score History
You have not taken this quiz since the last reset